书目信息 |
| 题名: |
市场经济学
|
|
| 作者: | 蔡国强 , 黄海潮 编著 | |
| 分册: | ||
| 出版信息: | 广州 华南理工大学出版社 1995 |
|
| 页数: | 244页 | |
| 开本: | 20cm | |
| 丛书名: | 市场经济丛书 | |
| 单 册: | ||
| 中图分类: | F014.3 | |
| 科图分类: | 27.24 | |
| 主题词: | 市场经济-经济学 | |
| 电子资源: | ||
| ISBN: | 7-5623-0477-7 | |
| 000 | 00959nam2 2200289 45 | |
| 001 | 0194001018 | |
| 005 | 20070723162448.21 | |
| 010 | @a7-5623-0477-7@dCNY6.95 | |
| 100 | @a19931116d1995 em y0chiy0121 ea | |
| 101 | 0 | @achi |
| 102 | @aCN@b440000 | |
| 105 | @ay z 000yy | |
| 200 | 10 | @a市场经济学@ASHI CHANG JING JI XUE@f蔡国强,黄海潮编著@FCAI GUO QIANG , HUANG HAI CHAO BIAN ZHU |
| 205 | @a2版 | |
| 210 | @a广州@c华南理工大学出版社@d1995 | |
| 215 | @a244页@d20cm | |
| 225 | 2 | @a市场经济丛书 |
| 330 | @a本书是原《通俗微观经济学》的修订再版本。内容包括:市场经济学的基本理论、弹性理论、厂商均衡理论、分配理论及一般均衡与福利理论等。 | |
| 410 | 0 | @120010@a市场经济丛书 |
| 540 | 1 | @a市场 经济学@ASHI CHANG JING JI XUE |
| 606 | @a市场经济-经济学 | |
| 690 | @aF014.3@v三版 | |
| 692 | @a27.24 | |
| 701 | 0 | @a蔡国强@ACAI GUO QIANG@4编著 |
| 701 | 0 | @a黄海潮@AHUANG HAI CHAO@4编著 |
| 801 | 0 | @aCN@bTSSF@c20070723 |
| 905 | @a10447@dF014.3@e345=2 | |
| 市场经济学/蔡国强,黄海潮编著.-2版.-广州:华南理工大学出版社,1995 |
| 244页;20cm.-(市场经济丛书) |
| ISBN 7-5623-0477-7:CNY6.95 |
| 本书是原《通俗微观经济学》的修订再版本。内容包括:市场经济学的基本理论、弹性理论、厂商均衡理论、分配理论及一般均衡与福利理论等。 |
| ● |
| 相关链接 |
|
|
|
|
正题名:市场经济学
索取号:F014.3/345=2
 
预约/预借
| 序号 | 登录号 | 条形码 | 馆藏地/架位号 | 状态 | 备注 |
| 1 | 0766994 | 207669940 | 第一样本阅览室/ [索取号:F014.3/345=2] | 在馆 |